| 000 | 00721nam a2200193 a 4500 | ||
|---|---|---|---|
| 003 | 0 | ||
| 005 | 20250320084111.0 | ||
| 008 | 080925s19uu xx 00 eng d | ||
| 050 |
_aPHS HQ 769 _b.L925 2008 |
||
| 100 | _aLozada, Kristal Mae Cortezo. | ||
| 245 |
_aParental discipline and their effect on the social skills of teenagers / _cKristal Mae Cortezo Lozada. |
||
| 260 |
_aLas PiƱas City, Philippines : _bSouthville International School and Colleges, _c2008. |
||
| 300 |
_a38 pages : _billustrations ; _c28 cm. |
||
| 504 | _aIncludes bibliographical references. | ||
| 650 |
_aParenting _xPsychological aspects. |
||
| 650 | _aDiscipline of children. | ||
| 650 | _aSocial skills in adolescence. | ||
| 942 |
_2lcc _cPASS |
||
| 999 |
_c98134 _d98134 |
||